| 000 | 00457nam a2200157 i 4500 | ||
|---|---|---|---|
| 001 | 184830 | ||
| 003 | ES-MaACL | ||
| 005 | 20230906222304.0 | ||
| 008 | 160203s1905 fr |||| | fre d | ||
| 100 | 1 |
_aPiriou, Ernest. _9158654 |
|
| 245 | 1 | 2 |
_aL'Inde contemporaine et le mouvement national / _cpar Ernest Piriou. |
| 260 |
_aParis : _bF. Alcan, _c1905. |
||
| 300 |
_a273 p. ; _c19 cm. |
||
| 651 | 4 |
_aIndia- _xHistoria. _9145400 |
|
| 852 |
_aES-MaACL _jG-7235 |
||
| 999 |
_c184830 _d184830 |
||